| 000 | 00944nam a2200289 i 4500 | ||
|---|---|---|---|
| 001 | bg | ||
| 003 | BPK | ||
| 005 | 20200709133034.0 | ||
| 008 | 060910s2005 uk f |000 0 eng d | ||
| 020 | _a0582403839 | ||
| 040 | _cBPK | ||
| 041 | 0 | _aeng | |
| 080 | _a811.111'36 | ||
| 080 | _a(076) | ||
| 100 | 1 | _aFoley, Mark. | |
| 245 | 1 | 0 |
_aLongman Advanced learners' grammar : _ba self-study reference & practice book with answers / _cMark Foley, Diane Hall. |
| 250 | _a4th impr. | ||
| 260 |
_aHarlow : _bLongman : _bPearson Education, _c2005. |
||
| 300 |
_a384 s. : _bfot., rys. ; _c25 cm. |
||
| 504 | _aIndeks. | ||
| 650 | 4 |
_aJęzyk angielski _xgramatyka. |
|
| 655 | 4 | _aĆwiczenia i zadania | |
| 700 | 1 | _aHall, Diane. | |
| 710 | 2 |
_aPearson Education Limited _4pbl. |
|
| 856 |
_uhttps://koha.tu.koszalin.pl/cgi-bin/koha/opac-detail.pl?biblionumber=52140 _yKatalog online BPK |
||
| 942 |
_cKS _2UKD |
||
| 999 |
_c52140 _d52140 |
||